000 00524nam a2200133Ia 4500
008 100328s9999 xx 000 0 und d
082 _b8664
100 _aजोशी नारायण लक्ष्मण
245 _aलोकमान्यांचा स्वर्गीय संदेश
260 _b---
630 _aलोकमान्यांचा स्वर्गीय संदेश
730 _aलोकमान्यांचा स्वर्गीय संदेश
942 _cBOOK
999 _c504413
_d504410